000
00305nam a22001457a 4500
008
210310b ||||| |||| 00| 0 eng d
020
_a
0721689280
041
_a
eng
080
_a
574
082
_a
574
100
_a
9
101
_a
MJE
245
_a
Environmental Science
_c
Turk, A
942
_2
udc
_c
BK
999
_c
56136
_d
56136